[Event "Challenge"]
[Site "http://www.queenalice.com/game.php?id=799"]
[Date "2004.9.21"]
[Round "-"]
[White "Handmilker"]
[Black "FranciscoGB"]
[Result "0-1"]
[WhiteElo "1500"]
[BlackElo "1678"]

1. d4 Nf6 2. c4 e6 3. Nf3 d5 4. Nc3 dxc4 5. e4 Bb4 6. Bg5 h6 7. Bxf6 Qxf6 8.
Bxc4 O-O 9. O-O Nc6 10. e5 Qe7 11. Qc2 a6 12. Qe4 Rd8 13. Rad1 Ba5 14. Bd3 g6
15. h4 Nb4 16. Bb1 Nd5 17. h5 Bxc3 18. hxg6 Bxb2 19. g7 f5 20. exf6 Nxf6 21. Qh4
Qxg7 22. Rd3 c5 23. Rfd1 b6 24. dxc5 Rxd3 25. Rxd3 Bb7 26. Qb4 Nd5 27. Qe4 Re8
28. Bc2 bxc5 29. Nh4 Nb4 30. Qf4 Nxd3 31. Bxd3 Rf8 32. Qd6 Qf6 33. Qg3+ Qg5 34.
Qc7 Qc1+ 35. Kh2 Qf4+ 36. Qxf4 Rxf4 0-1

[Event "Challenge"]
[Site "http://www.queenalice.com/game.php?id=3653"]
[Date "2005.1.11"]
[Round "-"]
[White "JimMorrisson"]
[Black "Handmilker"]
[Result "1-0"]
[WhiteElo "1917"]
[BlackElo "1389"]

1. e4 Nc6 2. Nf3 e5 3. Bb5 a6 4. Ba4 Nf6 5. O-O b5 6. Bb3 Bc5 7. Re1 d6 8. c3
O-O 9. h3 Bb7 10. d4 Bb6 11. Bg5 h6 12. Bh4 Qe7 13. a4 g5 14. Bg3 Rfe8 15. axb5
axb5 16. Rxa8 Rxa8 17. Nbd2 Kg7 18. Bd5 Nd7 19. Nf1 Na5 20. dxe5 Nxe5 21. Nxe5
dxe5 22. Bxb7 Nxb7 23. Qd5 c5 24. Ne3 1-0

[Event "Challenge"]
[Site "http://www.queenalice.com/game.php?id=3654"]
[Date "2005.1.11"]
[Round "-"]
[White "Handmilker"]
[Black "JimMorrisson"]
[Result "0-1"]
[WhiteElo "1389"]
[BlackElo "1917"]

1. d4 Nf6 2. c4 g6 3. Nc3 Bg7 4. e4 d6 5. f3 c5 6. dxc5 dxc5 7. Qxd8+ Kxd8 8.
Be3 Nfd7 9. Nge2 Nc6 10. O-O-O b6 11. g3 Ne5 12. Ng1 Ba6 13. Nb5 Bb7 14. Bh3 a6
15. Na3 e6 16. Bg2 Ke7 17. Ne2 b5 18. b3 Rhc8 19. Rd2 bxc4 20. Nxc4 Nxc4 21.
bxc4 a5 22. Rhd1 Bc6 23. Nf4 Ba4 24. Rf1 Ne5 25. Nd3 Nxc4 26. Bxc5+ Ke8 27. Re2
Ne5 0-1

[Event "Challenge"]
[Site "http://www.queenalice.com/game.php?id=3884"]
[Date "2005.1.16"]
[Round "-"]
[White "dnptrs"]
[Black "Handmilker"]
[Result "0-1"]
[WhiteElo "1861"]
[BlackElo "1488"]

1. d4 Nf6 2. Nf3 d5 3. c4 c6 4. e3 Bf5 5. Nc3 e6 6. Bd3 Bxd3 7. Qxd3 Nbd7 8. O-O
Bd6 9. a3 O-O 10. e4 dxe4 11. Nxe4 Nxe4 12. Qxe4 Nf6 13. Qd3 h6 14. Rd1 Qc7 15.
b3 Rad8 16. Bb2 Rd7 17. Qe2 Rfd8 18. Ne5 Bxe5 19. dxe5 Rxd1+ 20. Rxd1 Rxd1+ 21.
Qxd1 Qd7 22. Qc2 Ne8 23. h3 Nc7 24. a4 Na6 25. Kf1 Nb4 26. Qe2 Qd3 27. Qxd3 Nxd3
28. Bc3 Nc5 29. b4 Nxa4 30. Bd4 Nb6 31. f4 Nxc4 32. Bxa7 Kf8 33. Ke2 Ke8 34. Kd3
Na3 35. g4 Nb5 36. Bc5 Nc7 37. Ke4 Nd5 38. f5 b6 39. Bd6 Nc3+ 40. Kf4 Nb5 41.
Bb8 c5 42. Ke3 cxb4 43. h4 b3 44. Kd2 Nd4 0-1

[Event "Challenge"]
[Site "http://www.queenalice.com/game.php?id=4172"]
[Date "2005.1.24"]
[Round "-"]
[White "Handmilker"]
[Black "dnptrs"]
[Result "1-0"]
[WhiteElo "1617"]
[BlackElo "1863"]

1. d4 Nf6 2. c4 e6 3. Nf3 d5 4. Nc3 Be7 5. e3 O-O 6. Bd3 c6 7. O-O Nbd7 8. e4
dxe4 9. Nxe4 Nxe4 10. Bxe4 Nf6 11. Bc2 c5 12. Qd3 b6 13. Bg5 g6 14. Rad1 Bb7 15.
Rfe1 cxd4 16. Nxd4 Re8 17. Qc3 Nd7 18. Bxe7 Qxe7 19. Nb5 Nc5 20. b4 Na6 21. Nd6
Red8 22. Nxb7 Qxb7 23. Be4 1-0

[Event "Let's Play Chess!"]
[Site "http://www.queenalice.com/game.php?id=5071"]
[Date "2005.2.14"]
[Round "-"]
[White "Handmilker"]
[Black "MikeDoherty"]
[Result "0-1"]
[WhiteElo "1718"]
[BlackElo "1693"]

1. d4 Nf6 2. c4 e5 3. dxe5 Ng4 4. e4 Nxe5 5. f4 Nec6 6. Be3 Bb4+ 7. Nc3 O-O 8.
Qc2 Re8 9. Bd3 d6 10. Nf3 Nd7 11. O-O-O Bxc3 12. Qxc3 Qe7 13. Rde1 b6 14. Re2
Bb7 15. Rhe1 a5 16. a3 Nf6 17. h3 Nxe4 18. Bxe4 Qxe4 19. Bd2 Qxe2 20. Rxe2 Rxe2
21. Nh4 Rae8 22. Nf5 f6 23. g4 a4 24. g5 Na5 25. Nd4 R2e4 26. Nc2 Rxc4 27. Qg3
Be4 28. Bc3 Nb3+ 29. Kd1 f5 30. Ne3 Rc5 31. h4 d5 32. Be5 d4 33. Nf1 Rc1+ 34.
Ke2 d3+ 35. Ke3 Rxf1 0-1

[Event "Challenge"]
[Site "http://www.queenalice.com/game.php?id=5242"]
[Date "2005.2.14"]
[Round "-"]
[White "Pappa_S"]
[Black "Handmilker"]
[Result "1-0"]
[WhiteElo "1780"]
[BlackElo "1756"]

1. e4 Nc6 2. d4 e5 3. dxe5 Nxe5 4. f4 Ng6 5. Be3 d5 6. Qxd5 Bd6 7. Bb5+ Kf8 8.
Qd2 Qe7 9. Nc3 Bb4 10. O-O-O Bg4 11. Be2 Nf6 12. Bxg4 Nxg4 13. Nge2 c6 14. Bg1
Nf6 15. Qe3 Nd7 16. h4 Ke8 17. h5 Ngf8 18. e5 Nb6 19. Ne4 Nd5 20. Qf3 f5 21.
exf6 Nxf6 22. N2g3 N8d7 23. Nxf6+ Nxf6 24. a3 Ba5 25. Nf5 Qc7 26. Nd6+ Kf8 27.
Bc5 Kg8 28. Qb3+ Nd5 29. Rxd5 1-0

[Event "Let's Play Chess!"]
[Site "http://www.queenalice.com/game.php?id=5297"]
[Date "2005.2.15"]
[Round "-"]
[White "divukman"]
[Black "Handmilker"]
[Result "0-1"]
[WhiteElo "1892"]
[BlackElo "1755"]

1. d4 Nf6 2. c4 e6 3. Nc3 Bb4 4. Bd2 O-O 5. Qc2 b6 6. e4 d6 7. Bd3 e5 8. d5 a5
9. Nge2 Nbd7 10. a3 Bxc3 11. Nxc3 Nc5 12. O-O a4 13. Bg5 h6 14. Bh4 g5 15. Bg3
Nh5 16. Rae1 Nxd3 17. Qxd3 f5 18. Qd1 Ng7 19. exf5 Bd7 20. f6 Qxf6 21. Ne4 Qg6
22. f3 Nh5 23. Bf2 Nf4 24. Bg3 h5 25. Kh1 h4 26. Bxf4 Rxf4 27. g3 hxg3 28. Rg1
g4 29. Rxg3 Raf8 30. Nd2 Rd4 31. Re4 Rf4 32. Qe2 Kf7 33. Rxd4 Rxd4 34. Ne4 Ke7
35. Nf2 gxf3 36. Rxf3 Qh5 37. Qe3 Rxc4 38. Rg3 Rf4 39. Rg7+ Ke8 40. Rg8+ Kf7 41.
Qg3 Qf3+ 42. Kg1 Qxf2+ 43. Qxf2 Rxf2 44. Rd8 Ke7 45. Rxd7+ Kxd7 46. Kxf2 Ke7 47.
Kf3 Kf6 48. Kg4 Kg6 49. h3 Kh6 50. Kh4 Kg6 51. Kg4 Kf6 52. Kf3 Kg5 53. Kg3 Kh5
54. h4 e4 55. Kf4 Kxh4 56. Ke3 Kg3 57. Kxe4 Kg4 58. Ke3 Kf5 59. Kd4 Kf4 60. Kd3
Ke5 61. Kc4 Ke4 62. Kb4 Kd4 63. Kxa4 Kxd5 64. Kb5 Ke4 65. b4 d5 66. a4 d4 67. a5
bxa5 68. bxa5 d3 69. a6 d2 70. a7 d1=Q 71. a8=Q+ Qd5+ 72. Qxd5+ Kxd5 73. Kb4 Kd4
74. Kb3 c5 75. Kc2 Kc4 0-1

[Event "AUTO-ADV-22"]
[Site "http://www.queenalice.com/game.php?id=5332"]
[Date "2005.2.15"]
[Round "1"]
[White "Handmilker"]
[Black "alib2004"]
[Result "1-0"]
[WhiteElo "1721"]
[BlackElo "1807"]

1. d4 d5 2. c4 dxc4 3. Nf3 e6 4. e3 Nf6 5. Bxc4 Bb4+ 6. Nc3 Ne4 7. Qa4+ Nc6 8.
Qc2 Nf6 9. O-O a6 10. Rd1 Bd7 11. e4 O-O 12. e5 Ne8 13. Ng5 g6 14. Nce4 Be7 15.
Qb3 Na5 16. Qh3 h5 17. Be2 Ng7 18. g4 f5 19. exf6 Bxf6 20. gxh5 gxh5 21. Bxh5 e5
22. Bg4 Bxg5 23. Nxg5 Bxg4 24. Qh7# 1-0

[Event "AUTO-ADV-22"]
[Site "http://www.queenalice.com/game.php?id=5333"]
[Date "2005.2.15"]
[Round "1"]
[White "alib2004"]
[Black "Handmilker"]
[Result "0-1"]
[WhiteElo "1834"]
[BlackElo "1838"]

1. e4 Nc6 2. Nf3 e5 3. Bc4 Bc5 4. O-O Nf6 5. Nc3 d6 6. d3 Bg4 7. h3 Bh5 8. Bg5
h6 9. Bh4 g5 10. Bg3 a6 11. Nd5 Nd4 12. c3 Nxf3+ 13. gxf3 Nxd5 14. Bxd5 c6 15.
Bb3 Qf6 16. Kg2 O-O-O 17. Qe2 Qg6 18. Rad1 f5 19. exf5 Qxf5 20. d4 e4 21. fxe4
Qxh3+ 22. Kxh3 Bxe2 23. dxc5 Bxf1+ 24. Rxf1 Rde8 25. Bxd6 Rxe4 26. Bc2 Re2 27.
Bf5+ Kd8 28. Rd1 Rg8 29. Bh7 Rge8 30. Bg6 R8e6 31. Bf5 Re8 32. c4 Rg8 33. Kg3
Ke8 34. Rb1 Kf7 35. a4 Kf6 36. Bd3 Rd2 37. Be4 Re8 38. Bf3 Rd3 39. b3 h5 40. Kg2
g4 41. Bd1 Re1 42. Bc2 Rxb1 43. Bxd3 Rxb3 44. Be2 Rb2 45. Bd1 Kf5 46. Kg3 Rd2
47. Bb3 Rd3+ 48. Kh4 Rh3# 0-1

[Event "Challenge"]
[Site "http://www.queenalice.com/game.php?id=5822"]
[Date "2005.2.23"]
[Round "-"]
[White "mandaragit"]
[Black "Handmilker"]
[Result "1-0"]
[WhiteElo "2065"]
[BlackElo "1680"]

1. d4 Nf6 2. c4 e6 3. Nf3 b6 4. g3 Bb7 5. Bg2 Be7 6. O-O O-O 7. d5 exd5 8. Nh4
c6 9. cxd5 Nxd5 10. Nf5 Nc7 11. Nc3 d5 12. e4 Bf6 13. Bf4 Bc8 14. g4 Bxf5 15.
gxf5 Nd7 16. Rc1 d4 17. Ne2 c5 18. Bxc7 Qxc7 19. f4 Rac8 20. e5 Nxe5 21. fxe5
Qxe5 22. Ng3 Bg5 23. Rc2 c4 24. Re2 Be3+ 25. Kh1 d3 26. Ree1 Rfe8 27. Ne4 Qd4
28. Nc3 Bf2 29. Re4 Rxe4 30. Nxe4 Be3 31. Nc3 Qd7 32. f6 b5 33. Nd5 Bc5 34. fxg7
Bd4 35. Qh5 Bxb2 36. Bh3 Qe8 37. Bxc8 Bxg7 38. Bf5 h6 39. Qf3 Qe5 40. Bxd3 cxd3
41. Qxd3 a6 42. Qf3 Qe6 43. Qf5 Qe8 44. Qc8 Qxc8 45. Ne7+ Kf8 46. Nxc8 Be5 47.
Kg2 Ke8 48. Rd1 Bc7 49. Nd6+ 1-0

[Event "Challenge"]
[Site "http://www.queenalice.com/game.php?id=6426"]
[Date "2005.3.7"]
[Round "-"]
[White "MikeDoherty"]
[Black "Handmilker"]
[Result "0-1"]
[WhiteElo "1828"]
[BlackElo "1678"]

1. e4 Nc6 2. d4 e5 3. d5 Nce7 4. Bd3 Ng6 5. Ne2 Bc5 6. O-O Nf6 7. b3 d6 8. Bb2
O-O 9. Nbc3 a6 10. Kh1 Ng4 11. f4 Qh4 12. h3 Nf2+ 13. Rxf2 Bxf2 14. f5 Nf4 15.
Nxf4 Qxf4 16. Ne2 Qh4 17. Ng1 g6 18. Qf3 Bxg1 19. Rxg1 f6 20. Kh2 Qh6 21. g4 Bd7
22. g5 Qg7 23. Bc1 Kh8 24. h4 fxg5 25. hxg5 Rf7 26. f6 Qf8 27. Qg3 h5 28. Qh4 b5
29. Kg2 c5 30. Rh1 c4 31. Be2 Rh7 32. Be3 cxb3 33. cxb3 Rc8 34. Bd1 Rc7 35. Bd2
Bg4 36. Ba5 Bxd1 37. Bxc7 Bxb3 38. Bxd6 Qxd6 39. axb3 Qb4 40. Rc1 Qd2+ 0-1

[Event "Let's Play Chess!"]
[Site "http://www.queenalice.com/game.php?id=9396"]
[Date "2005.4.11"]
[Round "-"]
[White "Handmilker"]
[Black "bienopia"]
[Result "1-0"]
[WhiteElo "1791"]
[BlackElo "1810"]

1. d4 h6 2. e4 c6 3. c4 d5 4. Nc3 e6 5. Nf3 a6 6. Bd3 b5 7. cxd5 cxd5 8. exd5
exd5 9. O-O Bg4 10. Re1+ Be7 11. h3 Bxf3 12. Qxf3 Nf6 13. Bd2 O-O 14. Re2 Nc6
15. Be3 Bd6 16. Rd1 Ra7 17. Kh1 Bb8 18. Bb1 Qd6 19. g3 Ne7 20. Bf4 Qb6 21. Be5
Rd7 22. Bxf6 gxf6 23. Rxe7 Qd6 24. Qg4+ Kh8 25. Qf5 1-0

[Event "Let's Play Chess!"]
[Site "http://www.queenalice.com/game.php?id=9397"]
[Date "2005.4.11"]
[Round "-"]
[White "bienopia"]
[Black "Handmilker"]
[Result "0-1"]
[WhiteElo "1768"]
[BlackElo "1817"]

1. d4 Nf6 2. f4 d5 3. Nf3 Bf5 4. Nbd2 e6 5. e3 Nbd7 6. Be2 c5 7. c3 Be7 8. Ne5
a6 9. O-O h5 10. a3 Qc7 11. Rf3 O-O-O 12. Nxf7 Ne4 13. Nxd8 Qxd8 14. Rf1 Ndf6
15. Bd3 Nxc3 16. Qc2 Bxd3 17. Qxd3 Nce4 18. f5 c4 19. Qc2 exf5 20. Rxf5 Qd7 21.
Nxe4 Nxe4 22. Re5 Bd6 23. Rxe4 dxe4 24. Qxc4+ Kb8 25. b4 Qg4 26. Bd2 Qh4 27. g3
Bxg3 28. hxg3 Qxg3+ 29. Kf1 Rf8+ 30. Ke2 Qg4+ 31. Ke1 Qg1+ 0-1

[Event "AUTO-ADV-22"]
[Site "http://www.queenalice.com/game.php?id=11404"]
[Date "2005.4.28"]
[Round "2"]
[White "divukman"]
[Black "Handmilker"]
[Result "1/2-1/2"]
[WhiteElo "1936"]
[BlackElo "1842"]

1. d4 Nf6 2. c4 e6 3. a3 d5 4. Nc3 Be7 5. Nf3 O-O 6. Bg5 Nbd7 7. e3 c6 8. Bd3
dxc4 9. Bxc4 Nd5 10. Bxe7 Qxe7 11. Ne4 e5 12. dxe5 N5b6 13. Qd6 Re8 14. Bb3 Nxe5
15. Nxe5 Qxe5 16. Qxe5 Rxe5 17. Nd6 Re7 18. Ke2 Bg4+ 19. f3 Bh5 20. g4 Bg6 21.
h4 h6 22. Rad1 Rd7 23. h5 Bh7 24. e4 Kf8 25. Rd2 Rad8 26. Rhd1 Nd5 27. exd5 Rxd6
28. dxc6 Rxd2+ 29. Rxd2 Rxd2+ 30. Kxd2 bxc6 31. Ke3 Bb1 32. Kd4 f5 33. Ba4 fxg4
34. fxg4 Ke7 35. Bxc6 Bc2 36. Bf3 Kd6 37. b4 Ba4 38. Be2 Bd7 39. b5 Bc8 40. a4
Bb7 41. a5 Bg2 42. Bd3 Bb7 43. Be4 Bc8 44. Bf5 Bb7 45. a6 Bf3 46. Be4 Bxe4 47.
Kxe4 1/2-1/2

[Event "AUTO-ADV-22"]
[Site "http://www.queenalice.com/game.php?id=11405"]
[Date "2005.4.28"]
[Round "2"]
[White "Handmilker"]
[Black "divukman"]
[Result "0-1"]
[WhiteElo "1860"]
[BlackElo "1923"]

1. d4 Nf6 2. c4 g6 3. Nc3 Bg7 4. e4 d6 5. f3 Nbd7 6. Be3 O-O 7. Qd2 c5 8. Nge2
a6 9. d5 Ne5 10. Ng3 b5 11. cxb5 axb5 12. Bxb5 Ba6 13. Bxa6 Rxa6 14. b3 Qa5 15.
O-O e6 16. Nge2 exd5 17. exd5 Rfa8 18. Rfd1 Nfd7 19. Rab1 Nb6 20. a4 Re8 21. Bf4
Nbd7 22. Nb5 Qxd2 23. Rxd2 Rb6 24. Nec3 Ra8 25. Ne4 Bf8 26. Kf2 f5 27. Ng5 Bh6
28. Ne6 Bxf4 29. Nxf4 c4 30. Ne6 cxb3 31. Rxb3 Rxa4 32. Nc3 Rxb3 33. Nxa4 Nf6
34. h3 Rd3 35. Rb2 Nxd5 36. Rb8+ Kf7 37. Ng5+ Kg7 38. Rb7+ Kh6 39. h4 Nf6 40.
Nf7+ Nxf7 41. Rxf7 Nd5 0-1